000 00312nam a2200121Ia 4500
005 20251222141913.0
008 251222s9999||||xx |||||||||||||| ||spa||
082 _a371.102.2/V66
100 _aVillar Angulo, Luis Miguel
245 0 _aConstrucción y Análisis de Enseñanza:
264 _bOikos-Tau
942 _cLIB
999 _c8455
_d8455